Statistics for Largest Cities in the Rocky Mountains

Click here to take the quiz!

General Stats

  • This quiz has been taken 68 times
  • The average score is 12 of 21

Answer Stats

PopulationState/ProvinceCity% Correct
663,862CODenver
100%
445,830COColorado Springs
95%
190,884UTSalt Lake City
93%
1,239,220ABCalgary
90%
216,282IDBoise
89%
932,546ABEdmonton
87%
108,869MTBillings
74%
114,801UTProvo
72%
105,112COBoulder
70%
353,108COAurora
64%
156,480COFort Collins
62%
108,423COPueblo
52%
134,495UTWest Valley City
38%
149,643COLakewood
36%
110,920UTWest Jordan
36%
113,574COArvada
30%
107,201COCentennial
28%
130,307COThornton
28%
112,090COWestminster
25%
127,380BCKelowna
20%
100,418ABRed Deer
20%

Score Distribution

Percentile by Number Answered

Percent of People with Each Score

Your Score History

You have not taken this quiz